000 00794nam a2200253 i 4500
001 128275
003 ES-MaACL
005 20250912063050.0
007 t|
008 070628s1985 sp ||||1| spa d
020 _a84-241-4711-1
080 _a726.2(460.351 C.)
100 1 _aCastejón y Martínez de Arizala, Rafael.
_936467
245 1 3 _aLa mezquita de Cordoba /
_cRafael Castejón y Martínez de Arizala.
250 _a9ª ed.
260 _aMadrid :
_bEverest,
_c[1985]
300 _a62 p. :
_bil. ;
_c15 cm.
490 1 _aColección ibérica (Editorial Everest)
_9175605
500 _aBiblioteca Jacinto Martínez Lacalle.
610 2 _aMezquita-catedral de Córdoba.
_9146676
852 _aES-MaACL
_jE-11775
_bR.139750
942 _2udc
999 _c128275
_d128275